000 nam a22 a 4500
999 _c4279
_d4279
003 AKMAL
005 20170526114330.0
008 170526s2012 my | e l 000 0 eng d
020 _a9789678922814 (pbk.)
040 _cAKMAL
082 0 4 _a347.595051 MAL
_222
090 0 0 _a347.595051
_bMAL
110 1 _aMalaysia
_9400
240 1 0 _aKaedah-Kaedah Mahkamah Persekutuan, 1995.
_lEnglish
245 1 0 _aRules of the Federal Court 1995 & Rules of the Special Court 1994 :
_b(as at 5th May 2012) /
_ccompiled by: Legal Research Board
260 _aPetaling Jaya :
_bInternational Law Book Services,
_c2012
300 _a61p. ;
_c24cm.
490 1 _aLaws of Malaysia
650 1 0 _aCourt rules
_zMalaysia
_93920
650 2 0 _aCourts
_zMalaysia
_93771
650 2 0 _aProcedure (Law)
_zMalaysia
_93921
710 2 _aLembaga Penyelidikan Undang-Undang
_98351
830 0 _aLaws of Malaysia
_91830
942 _2ddc
_cBOOK